000 00495nam a2200133Ia 4500
008 171212s9999 xx 000 0 und d
020 _a9780833038913
100 _aJenkins, Brian Michael
245 _cJenkins, Brian Michael
_aUnconquerable Nation: Knowing Our Enemy, Strengthening Ourselves
260 _bRAND Corporation
_c2006
650 _aPolitical Science
650 _aTerrorism -- United States; Terrorism -- United States -- Prevention
856 _uwww.jstor.org/stable/10.7249/mg454rc
999 _c352773
_d352773